|
|
|
|
| LEADER |
00000nam0a2200000 4500 |
| 001 |
314454 |
| 005 |
20231102002659.0 |
| 035 |
|
|
|a (RuTPU)RU\TPU\book\339875
|
| 090 |
|
|
|a 314454
|
| 100 |
|
|
|a 20160215d1914 k y0rusy50 ca
|
| 101 |
0 |
|
|a rus
|
| 102 |
|
|
|a RU
|
| 105 |
|
|
|a a z 001zy
|
| 200 |
1 |
|
|a Организация промышленных предприятий по обработке металлов
|
| 205 |
|
|
|a 2-е изд., доп.
|
| 210 |
|
|
|a Москва
|c Типография "Русская печатня"
|d 1914
|
| 215 |
|
|
|a 308 с.
|c с 103 рисунками в тексте и в отдельных табл.
|
| 300 |
|
|
|a Текст в русской дореформенной орфографии
|
| 316 |
|
|
|5 63413507: М-132431
|a На титульном листе владельческий штамп: "Из книг инж. И. Н. Бутакова"
|
| 316 |
|
|
|5 63413507: М-132431
|a На переднем форзаце и титульном листе владельческая подпись: "Бутаков"
|
| 317 |
|
|
|5 63413507: М-132431
|a Поступила в НТБ в 1970 г. в составе книжного собранияч профессора ТПИ И. Н. Бутакова
|
| 320 |
|
|
|a Приложение: с. 300-307
|
| 606 |
1 |
|
|a Промышленные предприятия
|x Организация производства
|2 stltpush
|3 (RuTPU)RU\TPU\subj\52620
|9 71027
|
| 610 |
1 |
|
|a организация производства
|
| 610 |
1 |
|
|a размещение предприятий
|
| 610 |
1 |
|
|a смета
|
| 610 |
1 |
|
|a финансовый план
|
| 610 |
1 |
|
|a заводы
|
| 610 |
1 |
|
|a амортизация
|
| 610 |
1 |
|
|a руководства
|
| 610 |
1 |
|
|a владельческая надпись
|
| 610 |
1 |
|
|a владельческие знаки
|
| 610 |
1 |
|
|a библиотека И. Н. Бутакова
|
| 675 |
|
|
|a 658.5
|v 4
|
| 700 |
|
1 |
|a Чарновский
|b Н. Ф.
|
| 801 |
|
1 |
|a RU
|b 63413507
|c 20160215
|
| 801 |
|
2 |
|a RU
|b 63413507
|c 20190730
|g RCR
|
| 942 |
|
|
|c BK
|